000 00478nab a22001457a 4500
003 ES-SlBC
005 20210327223958.0
008 131122b sp ||||| |||| 00| 0 spa d
040 _aES-SlBC
_bspa
041 _aspa
100 1 _aZaragoza I Pascual, Ernesto
_946818
245 1 0 _aImpresiones de los libros oficiales de los benedictinos españoles (siglos XV-XIX)
_cErnesto Zaragoza i Pascual
773 0 _gnº 32, 2009, p. 365-372
_tMemoria Ecclesiae
_wRev275
942 _2lcc
_cAR
999 _c449527
_d449527